MARC

LEADER 00000nam0a2200000 4500
001 234735
005 20231101231339.0
035 |a (RuTPU)RU\TPU\book\255861 
090 |a 234735 
100 |a 20130328d1894 m y0rusy50 ca 
101 1 |a rus  |c fre 
102 |a RU 
105 |a y z 001zb 
200 1 |a Начало и конец мира  |e пер. с фр.  |f Ш. Ришар  |g авт. предисл. И. Святский 
210 |a Санкт-Петербург  |c Типография П. П. Сойкина  |d 1894 
215 |a 182 с. 
320 |a Библиогр. в тексте 
600 1 |a Лаплас  |g Пьер Симон  |b П. С.  |c французский астроном  |c математик  |c физик  |f 1749-1827  |2 stltpush  |3 (RuTPU)RU\TPU\pers\589 
606 1 |a Солнечная система  |x Происхождение  |2 stltpush  |3 (RuTPU)RU\TPU\subj\55500  |9 73522 
610 1 |a понятия 
610 1 |a бесконечность 
610 1 |a вечность 
610 1 |a туманности 
610 1 |a пространство 
610 1 |a космическая пыль 
610 1 |a кометы 
610 1 |a Солнце 
610 1 |a гипотезы 
675 |a 523-52  |v 3 
700 1 |a Ришар  |b Ш.  |g Шарль 
702 1 |a Святский  |b И.  |c Ив.  |4 080 
801 1 |a RU  |b 63413507  |c 20130328 
801 2 |a RU  |b 63413507  |c 20131204  |g RCR 
942 |c BK